Správne fungovanie vnútorného trhu EÚ a ochrana spotrebiteľa

Analýza aktuálnych problémov súvisiacich s nekalými praktikami negatívne vplývajúce na správne fungovanie vnútorného trhu Európskej únie. Právna regulácia a správne uplatňovanie práva Európskej únie vo všetkých členských štátoch EÚ. Nekalé praktiky v judikatúre Súdneho dvora EÚ. Činnosť Slovenskej o...

Description complète

Enregistré dans:
Détails bibliographiques
Auteur principal: Jančíková, Eva, 1960-
Format: Chapitre de livre
Langue:slovaque
Sujets:
Tags: Ajouter un tag
Pas de tags, Soyez le premier à ajouter un tag!

MARC

LEADER 00000naa a2200000 4500
001 0272156
005 20240502074306.3
041 0 |a slo 
044 |a SK 
245 1 0 |a Správne fungovanie vnútorného trhu EÚ a ochrana spotrebiteľa  |c Eva Jančíková 
520 |a Analýza aktuálnych problémov súvisiacich s nekalými praktikami negatívne vplývajúce na správne fungovanie vnútorného trhu Európskej únie. Právna regulácia a správne uplatňovanie práva Európskej únie vo všetkých členských štátoch EÚ. Nekalé praktiky v judikatúre Súdneho dvora EÚ. Činnosť Slovenskej obchodnej inšpekcie a rovnaká kvalita tovarov a služieb. Neprimerané podmienky v obchode upravené v slovenskej legislatíve. 
610 2 0 |a smernice 
610 2 0 |a spotrebitelia 
610 2 0 |a trh vnútorný 
610 2 0 |a Európska únia 
100 1 |a Jančíková, Eva, 1960-